00314nam a22001097a 4500003000400000020001500004082001900019100003500038245005000073260007300123300000800196SGT a8171241441 a891.4309bJ95R aराय, विवेकी  aजगत तपोवन सो कियो b विश्वविद्यालय प्रकाशनc1995 a123